000 00457nam a2200169Ia 4500
001 29558
003 IN-NITTTR
005 20251114233402.0
008 251113s9999||||xx |||||||||||||| ||eng||
040 _beng
040 _cIN-NITTTR
041 _aeng
082 _a670.427 A79M
100 _aAltintas, Yusuf
245 0 _aManufacturing automation :
_b metal cutting mechanics, machine tool vibrations and CNC design /
_cAltintas, Yusuf
942 _2ddc
_cBK
999 _c32186
_d32186